| 000 | 02342nam a22003497a 4500 | ||
|---|---|---|---|
| 001 | 103124 | ||
| 003 | KnowledgeUnlatched | ||
| 005 | 20210303105058.0 | ||
| 006 | m o d | ||
| 007 | cr u|||||||||| | ||
| 008 | 210129p20182019xx o u00| u eng d | ||
| 037 | _5BiblioBoard | ||
| 245 | 0 | 0 |
_aTo Build as Well as Destroy _bAmerican Nation Building in South Vietnam / _cGawthorpe Andrew. |
| 020 | _a9781501709456 | ||
| 029 | 1 | _ahttps://library.biblioboard.com/ext/api/media/a571d663-d8c9-4b47-a970-e39277dd0f65/assets/thumbnail.jpg | |
| 040 |
_aScCtBLL _cScCtBLL |
||
| 100 | 1 |
_aAndrew, Gawthorpe _eauthor. |
|
| 264 | 1 | _bCornell University Press, | |
| 300 | _a1 online resource (258 p.) | ||
| 506 | 0 |
_aAccess copy available to the general public. _fUnrestricted _2star |
|
| 520 | _aThis book provides the most detailed analysis yet of the failure of U.S. nation-building in the Vietnam War. In doing so, it demolishes the "better war" school of writing on the topic, which argues that the U.S. was successful in building a legitimate and viable non-Communist state in South Vietnam in the latter years of the war. Drawing on fresh archival collections and previously unseen oral histories with dozens of U.S. nation-builders, the book demonstrates that the U.S. never came close to achieving victory. The book's narrative stretches from the offices in Washington in which policy was designed down into the villages in which it was implemented, providing the most comprehensive analysis yet of the largest and best-resourced nation-building program in U.S. history. Only by understanding and facing the reasons for this failure can we avoid repeating the tragic mistake of the Vietnam War again in the future. | ||
| 588 | 0 | _aDescription based on print version record. | |
| 590 | _aKU Select 2018: HSS Frontlist Books | ||
| 650 | 7 |
_aHistory / Military _2bisacsh |
|
| 650 | 0 | _aHistory | |
| 655 | 0 | _aElectronic books. | |
| 758 |
_iIs found in: _aKnowledge Unlatched _1https://openresearchlibrary.org/module/2774bc74-146a-484f-a7ba-ab1d6a09bbfb |
||
| 856 | 4 | 0 |
_uhttps://openresearchlibrary.org/content/a571d663-d8c9-4b47-a970-e39277dd0f65 _zView this content on Open Research Library. _70 |
| 999 |
_c25719 _d25719 |
||